| 000 | 00409nam a22001577a 4500 | ||
|---|---|---|---|
| 005 | 20240129161250.0 | ||
| 008 | 240129b |||||||| |||| 00| 0 eng d | ||
| 020 | _a0-07-04-8696-5 | ||
| 041 | _aeng | ||
| 100 |
_aLEHMANN, DONALD R. AND WINER, RUSSELL S. _98405 |
||
| 245 | _aPRODUCT MANAGEMENT | ||
| 250 | _a3RD ED. | ||
| 260 |
_aNEW DELHI _bTATA MC GRAW HILL PUB.LTD. _c2002 |
||
| 300 | _a502,P | ||
| 942 | _cBK | ||
| 999 |
_c8492 _d8490 |
||